000
00264nam a22001217a 4500
008
180125b xxu||||| |||| 00| 0 eng d
041
_a
eng
080
_a
572
100
_a
24
101
_a
ANT
245
_a
Anthropology and development
_c
Mair,L
942
_2
udc
_c
BK
999
_c
40904
_d
40904